| 000 | 00763nam a22001817a 4500 | ||
|---|---|---|---|
| 003 | BD-DhUL | ||
| 005 | 20180411160357.0 | ||
| 008 | 180410s2004 nyua|||| |||| 00| 0 eng d | ||
| 040 |
_aBD-DhUL _cBD-DhUL |
||
| 082 |
_a341.133 _bUNR |
||
| 110 | 1 | _aUnited Nations | |
| 245 | 1 | 0 |
_aResolutions and decisions : _badopted by the general assembly during its fifty-eight session : vol. 1 / _cUnited Nations. |
| 260 |
_aNew York : _bUnited Nations, _c2004 |
||
| 300 |
_av. : _bill. ; _c28 cm |
||
| 504 | _aContents: v. 1. Resolutions, 16 September-23 December 2003 "General assembly, official records, fifty-eighth session, supplement no. 49 (A/58/49)" Includes bibliographical references | ||
| 650 | 0 | _aUnited Nations - Security council - Index | |
| 942 |
_2ddc _cBK |
||
| 999 |
_c240346 _d240346 |
||